| 000 | 00518nam a2200169Ia 4500 | ||
|---|---|---|---|
| 003 | GCL | ||
| 005 | 20240530103343.0 | ||
| 008 | 140319s9999 xx 000 0 ara d | ||
| 040 |
_aGCL / _cGCL |
||
| 082 | 0 | 4 |
_a301.5 _bم م |
| 100 | 1 | _aمحمد على توريدى | |
| 245 | 1 | 0 |
_aالمجتمع المدنى والتحول الديموقراطى فى الصومال / _cمحمد على توريدى |
| 300 | _a146 ص | ||
| 650 | 0 | 4 | _aالصومال |
| 650 | 0 | 4 | _aالجمعيات والهيئات |
| 942 |
_2ddc _cBK |
||
| 999 |
_c38761 _d38761 |
||